| 000 | 00745nam a22002295a 4500 | ||
|---|---|---|---|
| 999 |
_c27510 _d27481 |
||
| 005 | 20190602122154.0 | ||
| 008 | 190602t2006 ua gr 000 0 eng d | ||
| 020 | _a9776163467 | ||
| 040 |
_aEG-ScBUE _beng _cEG-ScBUE _dEG-ScBUE |
||
| 082 | 0 | 4 |
_a297.283 _bTAK _222 |
| 100 | 1 | _aTekla, Laila Ibrahim, | |
| 245 | 1 | 0 |
_aOur common christian-islamic heritage / _cLaila Tekla. |
| 260 |
_aAlexandria, Egypt : _bBibliotheca Alexandrina, _cc.2006. |
||
| 300 |
_a57 p. ; _c22 cm. |
||
| 541 | _aMr. Farid Khamis ; | ||
| 630 | 0 | 7 |
_aQurʼan _xRelation to the Bible. _2BUEsh |
| 650 | 7 |
_aIslam _xRelations _xChristianity. _2BUEsh |
|
| 650 | 7 |
_aChristianity in the Qurʼan. _2BUEsh |
|
| 651 | _2BUEsh | ||
| 653 |
_bGGEN _cMay2019 |
||
| 942 | _2ddc | ||